000 00412nam a2200133Ia 4500
003 GCL
008 140319s9999 xx 000 0 ara d
040 _aGCL /
_cGCL
082 0 4 _aط
_b813.02
_bع ح
100 1 _aعاطف عبدالرشيد
245 1 0 _aحكاية القلم والبراية والممحاه /
_cعاطف عبدالرشيد
700 1 _aعاصم عبدالفتاح
490 _aاطفالنا
_v0
999 _c51168
_d51168